000 00437cas a22002057a 4500
001 81259
003 UA-OsUOA
005 20210416135049.0
007 ta
008 201201c3b un ||un r|n| 00| 0 ukrcdukr d
040 _aUA-OsUOA
_beng
_cUA-OsUOA
_dUA-OsUOA
041 _aeng
080 _a32
090 _a32
_bK-14
245 _aKyivPost
260 _aК.
650 7 _a32 Політика
_2UDC
942 _cNP
_2udc
955 _a0
999 _c354436
_d354436